000 00221nam a22000857a 4500
008 160928b xxu||||| |||| 00| 0 eng d
100 _9791
_aNCERT
245 _aWorkbooks Marigold-V
260 _aNew Delhi
_bJBI. Publications
_c2012
999 _c3445
_d3445